banner-ar

السراية الخضراء: رواية قصيرة / (Record no. 53245)

MARC details
000 -الفاتح
حقل البيانات ثابتة الطول 00598nam a2200181Ia 4500
008 - عناصر البيانات ثابتة الطول - معلومات عامة
حقل البيانات ثابتة الطول 140319s9999 xx 000 0 ara d
040 ## - مصدر الفهرسة
وكالة الفهرسة الأصلية GCL /
وكالة النسخ GCL
082 04 - رقم تصنيف ديوى العشرى
رقم التصنيف 823
رقم المادة م س
100 1# - المدخل الرئيسى - إسم شخصى
الإسم الشخصى خليل كلفة
245 10 - بيان العنوان
العنوان السراية الخضراء: رواية قصيرة /
بيان المسئوليه,etc خليل كلفة
700 1# - المدخل الاضافى - اسم شخصى
الإسم الشخصى ماشادو دى استيس
260 ## - PUBLICATION, DISTRIBUTION, ETC. (IMPRINT)
تاريخ النشر أو التوزيع 1991
300 ## - الوصف المادى
التعداد 64 ص
490 ## - بيان السلسلة
عنوان السلسلة سلسلة القصة العالمية
رقم المجلد/ التعيين التسلسلي 0
650 04 - المدخل الاضافى بالموضوع-مصطلح موضوعى
مصطلح موضوعي القصص الانجليزية
942 ## - عناصر المدخل الإضافي( كوها)
مصدر التصنيف او مخطط الترفيف Dewey Decimal Classification
Koha [default] item type كتاب
260 ## - PUBLICATION, DISTRIBUTION, ETC. (IMPRINT)
-- [S.N] :
-- دار الياس العصرية للطباعه والنشر ،
Holdings
حالة التراجع حالة الفقد حالة تلف ليس للاعارة المكان المؤقت الموقع الحالى تاريخ الاكتساب اجمالي اﻻعارات رقم الطلب الباركود تاريخ اخر مشاهدة تاريخ تفعيل السعر نوع وعاء كوها
        مكتبة القاهرة الكبرى مكتبة القاهرة الكبرى 03/26/2014   823\م س 127797 03/26/2014 03/26/2014 كتاب

Powered By

EGPV